Capitales d'Europe (AVEC CARTE) - Quiz - Statistiques

Statistiques générales
  • Ce quiz a été pris 5 005 fois
    4 353 depuis la dernière actualisation
  • Le résultat moyen est 35 sur 45
Réponses sur la Carte
Les réponses sont colorées sur une échelle allant du rouge au vert en fonction du pourcentage des utilisateurs qui les ont devinées à leur premier essai. Vous pouvez retrouver ces pourcentages ci-dessous.
 
Statistiques - réponses
Pays Capitales % Correct
France Paris
99%
Royaume-Uni Londres
97%
Espagne Madrid
97%
Allemagne Berlin
95%
Portugal Lisbonne
95%
Belgique Bruxelles
94%
Irlande Dublin
94%
Russie Moscou
94%
Vatican Cité du Vatican
93%
Luxembourg Luxembourg
93%
Monaco Monaco
93%
Italie Rome
93%
Pays-Bas Amsterdam
92%
Norvège Oslo
92%
Grèce Athènes
91%
Ukraine Kyiv / Kiev
90%
Suisse Berne
89%
Andorre Andorre-la-Vieille
87%
Saint-Marin Saint-Marin
86%
Autriche Vienne
85%
Finlande Helsinki
84%
Pologne Varsovie
84%
Hongrie Budapest
83%
Danemark Copenhague
83%
Suède Stockholm
83%
Roumanie Bucarest
82%
République tchèque Prague
77%
Croatie Zagreb
75%
Malte La Valette
73%
Bulgarie Sofia
73%
Islande Reykjavik
72%
Biélorussie Minsk
68%
Lettonie Riga
66%
Estonie Tallinn
65%
Bosnie-Herzégovine Sarajevo
64%
Lituanie Vilnius
63%
Slovénie Ljubljana
60%
Albanie Tirana
60%
Liechtenstein Vaduz
58%
Serbie Belgrade
57%
Slovaquie Bratislava
57%
Moldavie Chisinau
49%
Macédoine du Nord Skopje
47%
Kosovo Pristina
45%
Monténégro Podgorica
42%
Aucun quiz correspondant
Distribution des résultats
% des personnes avec chaque résultat
Percentile par nombre de réponses
Votre historique - résultats
Vous n’avez pas pris ce quiz depuis la dernière actualisation